000 00923nam a2200253 i 4500
001 125075
003 ES-MaACL
005 20230906192540.0
007 t|
008 070503s1930 sp ||||1| spa d
080 _a86-221"19"
100 1 _aMolnar, Franz.
_982063
245 1 0 _aOlimpia
_b: comedia en tres actos /
_cFranz Molnar ; traducción de Tomás Borras y Andrés Revesz ; dibujos de Merlo.
260 _aMadrid :
_bRivadeneyra,
_c1930.
300 _a61 p. ;
_c17 cm.
490 1 _aLa Farsa ;
_v160
500 _aEstrenada en el Teatro Infanta Isabel, de Madrid, el día 25 de septiembre de 1930.
500 _aCubierta de este número: María del Pilar Tubau en su creación de Olimpia, princesa viuda de Orsolini.
700 0 _aRévész, Andrés.
_996422
700 1 _aMerlo, Antonio.
_980579
830 0 _aLa Farsa ;
_v160
_9185863
852 _aES-MaACL
_j2222-F-1
_bR.140718
999 _c125075
_d125075